000 00303nam a22001337a 4500
008 181012b xxu||||| |||| 00| 0 eng d
020 _a0312598122
041 _aeng
080 _22nd
_a371
100 _a46
101 _aEDU
245 _aPatterns for College Writing
_cKirszner,L.G
942 _2udc
_cBK
999 _c49588
_d49588